| 000 | 00405nam a22001457a 4500 | ||
|---|---|---|---|
| 082 |
_a621.8 _bBEV _cD |
||
| 100 |
_aBevan, Thomas _941936 |
||
| 245 |
_aThe theory of machines _cBevan, Thomas |
||
| 250 | _a2nd ed. | ||
| 260 |
_aLondon, New york _bLongmans, Green And Co _c1954 |
||
| 300 |
_avii, 563 p. _bill. _c24 cm. |
||
| 526 |
_a0 _b0 _c0 _d621_800000000000000_BEV |
||
| 650 |
_aD _96527 |
||
| 942 |
_2ddc _cBK |
||
| 999 |
_c545952 _d545952 |
||